|
|
|
|
| LEADER |
00000cam a2200000 4500 |
| 001 |
vtls011724831 |
| 003 |
SK-MaSNL |
| 005 |
20260301100609.0 |
| 008 |
180105s2017 xr o gr 010 0 cze |
| 020 |
|
|
|a 9788073355029
|q (viazané)
|
| 040 |
|
|
|a SNK
|b slo
|c SNK
|e rda
|
| 041 |
1 |
|
|a cze
|h eng
|
| 044 |
|
|
|a xr
|c CZ
|
| 072 |
|
7 |
|a 316.7
|x Sociológia kultúry. Kultúrny život
|2 konspekt
|
| 072 |
|
7 |
|a 316.4
|x Sociálne procesy
|2 konspekt
|
| 080 |
|
|
|a 17.021.4
|2 2011
|
| 080 |
|
|
|a 316.7+008
|2 2011
|
| 080 |
|
|
|a 001:316.3
|2 2011
|
| 080 |
|
|
|a 62:316.3
|2 2011
|
| 080 |
|
|
|a 316.3/.6
|2 2011
|
| 080 |
|
|
|a 316.42
|2 2011
|
| 080 |
|
|
|a 141.319.8
|2 2011
|
| 080 |
|
|
|a (049)
|2 2011
|
| 100 |
1 |
|
|a Harari, Yuval N.,
|d 1976-
|4 aut
|9 157712
|
| 240 |
1 |
0 |
|a Homo Deus. A brief history of tomorrow
|l Česky
|
| 245 |
1 |
0 |
|a Homo deus
|b stručné dějiny zítřka
|c Yuval Noah Harari ; z anglického originálu Homo deus. A brief history of tomorrow přeložili Alexandr Tomský a Anna Pilátová
|
| 250 |
|
|
|a Vydání první
|
| 264 |
|
1 |
|a Voznice
|b Leda
|c 2017
|
| 300 |
|
|
|a 431 strán, 12 nečíslovaných strán obrazových príloh
|b fotografie
|c 24 cm
|
| 336 |
|
|
|a text
|b txt
|2 rdacontent
|
| 337 |
|
|
|a bez média
|b n
|2 rdamedia
|
| 337 |
|
|
|a zväzok
|b nc
|2 rdacarrier
|
| 500 |
|
|
|a Obsahuje biografické údaje o autorovi na záložke prebalu publikácie
|
| 504 |
|
|
|a Obsahuje bibliografické odkazy
|
| 648 |
|
7 |
|a 21. storočie
|2 SNKPH
|9 301294
|
| 648 |
|
7 |
|a 21st century
|2 SNKPHeng
|9 303236
|
| 650 |
0 |
7 |
|a ľudstvo
|2 SNKPH
|9 1945
|
| 650 |
0 |
7 |
|a civilizácia
|2 SNKPH
|9 887
|
| 650 |
0 |
7 |
|a veda a spoločnosť
|2 SNKPH
|9 66939
|
| 650 |
0 |
7 |
|a technika a spoločnosť
|2 SNKPH
|9 366797
|
| 650 |
0 |
7 |
|a človek a spoločnosť
|2 SNKPH
|9 4102
|
| 650 |
0 |
7 |
|a globálne zmeny
|2 SNKPH
|9 68310
|
| 650 |
0 |
7 |
|a filozofická antropológia
|2 SNKPH
|9 2075
|
| 650 |
0 |
7 |
|a prognózy
|2 SNKPH
|9 3871
|
| 650 |
0 |
7 |
|a Mankind
|2 SNKPHeng
|9 318479
|
| 650 |
0 |
7 |
|a Civilization
|2 SNKPHeng
|9 302583
|
| 650 |
0 |
7 |
|a Science and civilization
|2 SNKPHeng
|9 319228
|
| 650 |
0 |
7 |
|a Man and society
|2 SNKPHeng
|9 268434
|
| 650 |
0 |
7 |
|a Global changes
|2 SNKPHeng
|9 316751
|
| 650 |
0 |
7 |
|a Philosophical anthropology
|2 SNKPHeng
|9 315558
|
| 655 |
|
7 |
|a rozpravy
|2 SNKPH
|9 70559
|
| 655 |
|
7 |
|a Essays
|2 SNKPHeng
|9 267540
|
| 700 |
1 |
|
|a Tomský, Alexander,
|d 1947-
|4 trl
|9 414789
|
| 700 |
1 |
|
|a Pilátová, Anna
|4 trl
|9 366585
|
| 919 |
|
|
|a 978-80-7335-502-9
|
| 958 |
|
|
|a NB
|
| 958 |
|
|
|a OP
|
| 968 |
|
|
|b ENG
|
| 999 |
|
|
|c 686813
|d 688743
|
| 952 |
|
|
|t snkHAR 572
|a SNKUST
|b SNKUST
|y PREZ
|7 0
|p 17A1392792
|o snkIC 145047
|i snk2019/29167
|8 4
|g 13.78
|0 0
|1 0
|4 0
|d 2019-06-13
|l 0
|r 2025-03-19 00:00:00
|w 2026-02-23
|